HIGH COURT CRIMINAL SESSION NO. 444 of 1970 Uganda 1. Masete Okumu 2. Zadoki Occhom alias wandera 3. Silvesteri Ongango (Record no. 6601)

MARC details
000 -LEADER
fixed length control field 00356nam a22000977a 4500
008 - FIXED-LENGTH DATA ELEMENTS--GENERAL INFORMATION
fixed length control field 150623b xxu||||| |||| 00| 0 eng d
010 ## - LIBRARY OF CONGRESS CONTROL NUMBER
Field link and sequence number HCCRSARF:006
245 ## - TITLE STATEMENT
Title HIGH COURT CRIMINAL SESSION NO. 444 of 1970 Uganda 1. Masete Okumu 2. Zadoki Occhom alias wandera 3. Silvesteri Ongango
260 ## - PUBLICATION, DISTRIBUTION, ETC. (IMPRINT)
Place of publication, distribution, etc High Court Kampala
500 ## - GENERAL NOTE
Materials specified Before: Hon Mr. Justice J.W. Mead
Holdings
Withdrawn status Lost status Source of classification or shelving scheme Damaged status Koha normalized classification for sorting Not for loan Location (home branch) Sublocation or collection (holding branch) Shelving location Date acquired Koha issues (times borrowed) Koha full call number Piece designation (barcode) Koha date last seen Price effective from Koha item type Public note
    Dewey Decimal Classification   HCCRSARF_006   Archives Archives Archives 06/23/2015   HCCRSARF:006 0914/2015 06/23/2015 06/23/2015 Un Reported Cases Judgement entered on 24th Nov 1970
    Dewey Decimal Classification   HCCRARF_006   Archives Archives Archives 06/23/2015   HCCRARF:006 0915/2015 06/23/2015 06/23/2015 Un Reported Cases Judgement entered on 24th Nov 1970